Image understanding in unstructured environment /

Bewaard in:
Bibliografische gegevens
Hoofdauteur: Không rõ
Formaat: Boek
Taal:Vietnamese
Gepubliceerd in: World Scientific 1988
Tags: Voeg label toe
Geen labels, Wees de eerste die dit record labelt!
Thư viện lưu trữ: Mạng thư viện Đại học Đà Nẵng
LEADER 00638nam a2200265 4500
001 000027551
003 IM-UU
005 20150403120000.0
008 150403s vm 000 vie
020 |c 0,0000 
040 |a notts 
100 |a Không rõ 
245 |a Image understanding in unstructured environment /  |c editor, Su-shing Chen. 
260 |b World Scientific  |c 1988 
OWN |a LTT 
999 |a From the UDN01 
TYP |a Monograph 
TYP |a Printed language 
980 |a Mạng thư viện Đại học Đà Nẵng